| 000 | 00483nam a22001697a 4500 | ||
|---|---|---|---|
| 003 | BD-ChCU | ||
| 005 | 20251127131706.0 | ||
| 008 | 251127b bg ||||| |||| 00| 0 ben d | ||
| 040 | _cBD-ChCU | ||
| 082 | _aREF 510.78 SPC | ||
| 100 |
_aSpencer , Donald D. _917085 |
||
| 245 |
_aThe computer programmer's dictionary and handbook ./ _cD. Donald , Spencer. |
||
| 260 |
_aLondon : _bBlaisdell , _cC 1968 |
||
| 300 | _axi , 244p | ||
| 650 | 0 |
_aComputation. _917086 |
|
| 942 |
_2ddc _cBK _n0 |
||
| 999 |
_c109923 _d109923 |
||